The Unfinished Revolution : Haiti, Black Sovereignty and Power in the Nineteenth-Century Atlantic World.

In The Unfinished Revolution, Salt examines post-revolutionary (and contemporary) sovereignty in Haiti, noting the many international responses to the arrival of a nation born from blood, fire and revolution. Using blackness as a lens, Salt charts the impact of Haiti's sovereignty--and its blac...

Full description

Bibliographic Details
Main Author: Salt, Karen.
Format: eBook
Language:English
Published: Liverpool : Liverpool University Press, 2019.
Edition:1st ed.
Series:Liverpool Studies in International Slavery Series
Subjects:
Online Access:Click to View
LEADER 01975nam a22003973i 4500
001 EBC6977971
003 MiAaPQ
005 20231204023224.0
006 m o d |
007 cr cnu||||||||
008 231204s2019 xx o ||||0 eng d
020 |a 9781786949547  |q (electronic bk.) 
020 |z 9781786941619 
035 |a (MiAaPQ)EBC6977971 
035 |a (Au-PeEL)EBL6977971 
035 |a (OCoLC)1085944229 
040 |a MiAaPQ  |b eng  |e rda  |e pn  |c MiAaPQ  |d MiAaPQ 
082 0 |a 320.1509729409034 
100 1 |a Salt, Karen. 
245 1 4 |a The Unfinished Revolution :  |b Haiti, Black Sovereignty and Power in the Nineteenth-Century Atlantic World. 
250 |a 1st ed. 
264 1 |a Liverpool :  |b Liverpool University Press,  |c 2019. 
264 4 |c Ã2018. 
300 |a 1 online resource (256 pages) 
336 |a text  |b txt  |2 rdacontent 
337 |a computer  |b c  |2 rdamedia 
338 |a online resource  |b cr  |2 rdacarrier 
490 1 |a Liverpool Studies in International Slavery Series ;  |v v.13 
520 |a In The Unfinished Revolution, Salt examines post-revolutionary (and contemporary) sovereignty in Haiti, noting the many international responses to the arrival of a nation born from blood, fire and revolution. Using blackness as a lens, Salt charts the impact of Haiti's sovereignty--and its blackness--in the Atlantic world. 
588 |a Description based on publisher supplied metadata and other sources. 
590 |a Electronic reproduction. Ann Arbor, Michigan : ProQuest Ebook Central, 2023. Available via World Wide Web. Access may be limited to ProQuest Ebook Central affiliated libraries.  
655 4 |a Electronic books. 
776 0 8 |i Print version:  |a Salt, Karen  |t The Unfinished Revolution  |d Liverpool : Liverpool University Press,c2019  |z 9781786941619 
797 2 |a ProQuest (Firm) 
830 0 |a Liverpool Studies in International Slavery Series 
856 4 0 |u https://ebookcentral.proquest.com/lib/matrademy/detail.action?docID=6977971  |z Click to View